[Event "BPB Limburg open A"]
[Site "Maastricht"]
[Date "2014.06.08"]
[Round "5"]
[White "L'Ami, Alina"]
[Black "Braun, Christian"]
[Result "1-0"]
[WhiteElo "2444"]
[BlackElo "2358"]
[PlyCount "61"]
[EventDate "2014.06.06"]
[EventType "swiss"]
[EventRounds "7"]
[EventCountry "NED"]
[Source "P.Boonen"]
[SourceDate "2014.10.10"]

1. d4 g6 2. c4 Bg7 3. Nc3 d6 4. e4 Nc6 5. Be3 e5 6. d5 Nce7 7. g4 Nf6 8. Be2 h5
9. g5 Nd7 10. h4 a5 11. a3 Nc5 12. b4 Na6 13. c5 O-O 14. Bc4 Bd7 15. Rb1 Qb8
16. Bxa6 Rxa6 17. b5 Ra8 18. c6 Be8 19. b6 Qc8 20. Na4 Rb8 21. bxc7 Qxc7 22.
Bb6 Qc8 23. Ba7 Nxc6 24. Nb6 Nxa7 25. Nxc8 Rxc8 26. Rxb7 Nb5 27. Rh3 Nd4 28.
Ne2 f5 29. gxf6 Rxf6 30. Nxd4 exd4 31. Rxg7+ 1-0

[Event "BPB Limburg open A"]
[Site "Maastricht"]
[Date "2014.06.08"]
[Round "5"]
[White "L'Ami, Erwin"]
[Black "Van Foreest, Jorden"]
[Result "1/2-1/2"]
[WhiteElo "2647"]
[BlackElo "2448"]
[PlyCount "53"]
[EventDate "2014.06.06"]
[EventType "swiss"]
[EventRounds "7"]
[EventCountry "NED"]
[Source "P.Boonen"]
[SourceDate "2014.10.10"]

1. d4 d5 2. c4 c6 3. Nf3 Nf6 4. Nc3 dxc4 5. a4 e6 6. e3 c5 7. Bxc4 Nc6 8. O-O
Be7 9. Qe2 cxd4 10. Nxd4 O-O 11. Nxc6 bxc6 12. b3 Bb7 13. Bb2 Qa5 14. Qf3 Rab8
15. Ne2 c5 16. Qg3 Bd5 17. Bc3 Qb6 18. Nf4 Bxc4 19. bxc4 Rfd8 20. Rfc1 Rb7 21.
h4 Qc6 22. a5 Qe4 23. Qf3 Qxf3 24. gxf3 Kf8 25. h5 h6 26. Kf1 Bd6 27. Bxf6
1/2-1/2

[Event "BPB Limburg open A"]
[Site "Maastricht"]
[Date "2014.06.08"]
[Round "5"]
[White "Lecomte, Robin"]
[Black "Dischinger, Frank"]
[Result "1-0"]
[WhiteElo "2038"]
[BlackElo "2154"]
[PlyCount "71"]
[EventDate "2014.06.06"]
[EventType "swiss"]
[EventRounds "7"]
[EventCountry "NED"]
[Source "P.Boonen"]
[SourceDate "2014.10.10"]

1. e4 c5 2. Nf3 g6 3. d4 cxd4 4. Nxd4 Bg7 5. Nc3 Nc6 6. Be3 Nf6 7. Bc4 O-O 8.
Bb3 e6 9. Ndb5 d5 10. exd5 exd5 11. O-O a6 12. Nd4 Ne5 13. Bg5 Be6 14. Re1 Qd6
15. Nxe6 fxe6 16. Bxf6 Bxf6 17. Ne4 Qe7 18. Nxf6+ Qxf6 19. Qe2 Nc6 20. Qxe6+
Qxe6 21. Rxe6 Nd4 22. Rb6 Nxb3 23. Rxb3 Rac8 24. c3 Rc7 25. Re1 Rd8 26. Rb4 b5
27. Rd4 Kf7 28. f3 a5 29. Kf2 g5 30. Re5 b4 31. cxb4 Rc2+ 32. Re2 Rdc8 33. bxa5
Rxe2+ 34. Kxe2 Ke6 35. Kd2 Kd6 36. Ra4 1-0

[Event "BPB Limburg open A"]
[Site "Maastricht"]
[Date "2014.06.08"]
[Round "5"]
[White "Mende, Andreas"]
[Black "Peschlow, Patrick"]
[Result "0-1"]
[WhiteElo "2165"]
[BlackElo "2351"]
[PlyCount "104"]
[EventDate "2014.06.06"]
[EventType "swiss"]
[EventRounds "7"]
[EventCountry "NED"]
[Source "P.Boonen"]
[SourceDate "2014.10.10"]

1. d4 Nf6 2. c4 g6 3. g3 Bg7 4. Bg2 d5 5. cxd5 Nxd5 6. Nf3 c5 7. O-O O-O 8.
dxc5 Na6 9. Ne1 Ndb4 10. Qb3 Qa5 11. Bd2 Qxc5 12. a3 Nc6 13. Nd3 Qd6 14. Bc3
Nd4 15. Qd1 Rd8 16. Bxd4 Bxd4 17. Nc3 Bxc3 18. bxc3 Qc7 19. Qb3 Rb8 20. Bd5 e6
21. Bf3 Bd7 22. Rab1 Bc6 23. Bxc6 Qxc6 24. Nb4 Qb6 25. Qc2 Nc5 26. Nd5 Qa5 27.
Nf6+ Kg7 28. Ng4 h5 29. Ne3 Rbc8 30. Nc4 Qa4 31. Qa2 Qc6 32. Qa1 Qe4 33. Ne3
Qe5 34. Rb5 b6 35. a4 h4 36. c4 Qxa1 37. Rxa1 hxg3 38. hxg3 Nb7 39. a5 Nxa5 40.
c5 Nc6 41. cxb6 Nd4 42. Rb2 axb6 43. Rxb6 Nxe2+ 44. Kg2 Rc7 45. Rab1 Nc3 46.
Rb7 Rxb7 47. Rxb7 Ne4 48. Kf3 Nd6 49. Rb6 Rd7 50. Rb2 f6 51. Rd2 Kf8 52. Nc4
Nxc4 0-1

[Event "BPB Limburg open A"]
[Site "Maastricht"]
[Date "2014.06.08"]
[Round "5"]
[White "Mengerink, Ynze"]
[Black "Serbu, Eli"]
[Result "1/2-1/2"]
[WhiteElo "2146"]
[BlackElo "2170"]
[PlyCount "81"]
[EventDate "2014.06.06"]
[EventType "swiss"]
[EventRounds "7"]
[EventCountry "NED"]
[Source "P.Boonen"]
[SourceDate "2014.10.10"]

1. e4 c5 2. Nf3 e6 3. d3 Nc6 4. g3 Nf6 5. Bg2 d5 6. Qe2 Be7 7. e5 Nd7 8. O-O
O-O 9. c4 Nb6 10. Rd1 f6 11. exf6 Bxf6 12. Nc3 Qe8 13. cxd5 exd5 14. Qxe8 Rxe8
15. Bg5 Bg4 16. Bxf6 gxf6 17. h3 Bxf3 18. Bxf3 Rad8 19. Rd2 Kg7 20. Kf1 Re5 21.
Re1 d4 22. Ne4 Rde8 23. Rde2 c4 24. Nd6 R8e6 25. Nxc4 Nxc4 26. dxc4 Nb4 27. Bd5
Re7 28. f4 Re3 29. Rxe3 dxe3 30. Ke2 b5 31. a3 Nc2 32. Rd1 bxc4 33. Bxc4 Rb7
34. b3 Re7 35. a4 Re4 36. Bd5 Re7 37. Bc4 Re4 38. Rd7+ Kf8 39. Rd8+ Ke7 40. Rd5
Nd4+ 41. Rxd4 1/2-1/2

[Event "BPB Limburg open A"]
[Site "Maastricht"]
[Date "2014.06.08"]
[Round "5"]
[White "Nguyen, Kevin"]
[Black "Bellens, Steven"]
[Result "1-0"]
[WhiteElo "1929"]
[BlackElo "2013"]
[PlyCount "45"]
[EventDate "2014.06.06"]
[EventType "swiss"]
[EventRounds "7"]
[EventCountry "NED"]
[Source "P.Boonen"]
[SourceDate "2014.10.10"]

1. e4 e5 2. Nf3 Nc6 3. Bb5 a6 4. Ba4 Nf6 5. O-O Be7 6. Re1 b5 7. Bb3 d6 8. h3
O-O 9. c3 Nb8 10. d4 Nbd7 11. Nbd2 Bb7 12. d5 c5 13. dxc6 Bxc6 14. Bc2 Re8 15.
Nf1 Qc7 16. Ng3 Rad8 17. Qe2 d5 18. exd5 Nxd5 19. Nf5 Bf6 20. Ng5 Nc5 21. Nxh7
Kxh7 22. Ne7+ g6 23. Qh5+ 1-0

[Event "BPB Limburg open A"]
[Site "Maastricht"]
[Date "2014.06.08"]
[Round "5"]
[White "Offringa, Joost"]
[Black "Degro, Heiko"]
[Result "1-0"]
[WhiteElo "2253"]
[BlackElo "2042"]
[PlyCount "77"]
[EventDate "2014.06.06"]
[EventType "swiss"]
[EventRounds "7"]
[EventCountry "NED"]
[Source "P.Boonen"]
[SourceDate "2014.10.10"]

1. e4 c6 2. d4 d5 3. f3 e5 4. dxe5 Bc5 5. Nc3 Qb6 6. Na4 Bf2+ 7. Ke2 Qd4 8.
Qxd4 Bxd4 9. exd5 Bxe5 10. Bd2 cxd5 11. Re1 Ne7 12. Kd1 Nbc6 13. Bd3 Bd6 14.
Ne2 O-O 15. Bf4 Bxf4 16. Nxf4 d4 17. Nc5 b6 18. Nb3 Bb7 19. Nxd4 Rfd8 20. Nxc6
Nxc6 21. Kc1 Kf8 22. Rd1 Ne5 23. Rhe1 Nxd3+ 24. Rxd3 Rxd3 25. Nxd3 Rd8 26. Kd2
Rd6 27. c4 h5 28. Kc3 h4 29. h3 g5 30. b4 f6 31. a4 Kf7 32. c5 bxc5 33. Nxc5
Bc8 34. b5 Rd5 35. Nb3 Bf5 36. Nd4 Bc8 37. Kc4 Rd7 38. a5 Rc7+ 39. Kb4 1-0

[Event "BPB Limburg open A"]
[Site "Maastricht"]
[Date "2014.06.08"]
[Round "5"]
[White "Perrenet, Jacob"]
[Black "Rose, Dominik"]
[Result "0-1"]
[WhiteElo "2086"]
[BlackElo "2127"]
[PlyCount "44"]
[EventDate "2014.06.06"]
[EventType "swiss"]
[EventRounds "7"]
[EventCountry "NED"]
[Source "P.Boonen"]
[SourceDate "2014.10.10"]

1. Nc3 c5 2. d4 cxd4 3. Qxd4 Nc6 4. Qh4 g6 5. e4 Bg7 6. Bd2 d6 7. Nf3 Bd7 8.
Bd3 Rc8 9. h3 Na5 10. Qg3 Nc4 11. Bxc4 Rxc4 12. e5 Nh6 13. Qh2 O-O 14. O-O Nf5
15. Bf4 Bc6 16. g4 Bxf3 17. gxf5 Qa5 18. f6 exf6 19. exf6 g5 20. Bd2 Qf5 21.
Nd1 Rh4 22. Ne3 Qd7 0-1

[Event "BPB Limburg open A"]
[Site "Maastricht"]
[Date "2014.06.08"]
[Round "5"]
[White "Rihouay, Clement"]
[Black "Arnelind, Mikael"]
[Result "1-0"]
[WhiteElo "2206"]
[BlackElo "2160"]
[PlyCount "89"]
[EventDate "2014.06.06"]
[EventType "swiss"]
[EventRounds "7"]
[EventCountry "NED"]
[Source "P.Boonen"]
[SourceDate "2014.10.10"]

1. c4 Nf6 2. Nf3 c5 3. d4 cxd4 4. Nxd4 Nc6 5. Nc3 g6 6. e4 d6 7. Be2 Bg7 8. Be3
Bd7 9. Qd2 Nxd4 10. Bxd4 Bc6 11. f3 Qa5 12. a3 h5 13. b4 Qd8 14. O-O O-O 15.
Rfd1 b6 16. Qb2 Ne8 17. Be3 Qb8 18. Rac1 Nc7 19. Qb3 Qb7 20. Nd5 Nxd5 21. exd5
Bd7 22. Bd3 Kh7 23. Re1 Bf6 24. Qc2 Rac8 25. a4 Qa6 26. c5 Qxa4 27. c6 Qxb4 28.
Qa2 Bf5 29. Bxf5 gxf5 30. Qxa7 Qb3 31. Rcd1 f4 32. Qxb6 Qa4 33. Qb1+ Kh6 34.
Bf2 Rb8 35. Qf5 Rg8 36. Rd4 Bxd4 37. Qxf4+ Rg5 38. Bxd4 Qc2 39. g3 Rb1 40. Rxb1
Qxb1+ 41. Kg2 Qc2+ 42. Kh3 Kg6 43. Be3 Rxd5 44. Qh6+ Kf5 45. Qh7+ 1-0

[Event "BPB Limburg open A"]
[Site "Maastricht"]
[Date "2014.06.08"]
[Round "5"]
[White "Ritsema, Ronald"]
[Black "Keetman, Maaike"]
[Result "1/2-1/2"]
[WhiteElo "2011"]
[BlackElo "1956"]
[PlyCount "39"]
[EventDate "2014.06.06"]
[EventType "swiss"]
[EventRounds "7"]
[EventCountry "NED"]
[Source "P.Boonen"]
[SourceDate "2014.10.10"]

1. d4 d5 2. c4 c6 3. Nf3 Nf6 4. e3 e6 5. b3 Bd6 6. Qc2 O-O 7. Bd3 Nbd7 8. O-O
Re8 9. Bb2 Qe7 10. Ne5 Nf8 11. Nd2 N6d7 12. f4 f6 13. Nxd7 Bxd7 14. Nf3 c5 15.
g3 Rac8 16. Rae1 Bc6 17. Qb1 a6 18. e4 dxe4 19. Bxe4 Bxe4 20. Qxe4 1/2-1/2

[Event "BPB Limburg open A"]
[Site "Maastricht"]
[Date "2014.06.08"]
[Round "5"]
[White "Roggeveen, Pieter"]
[Black "Sekandar, Kambiz"]
[Result "1-0"]
[WhiteElo "2211"]
[BlackElo "2100"]
[PlyCount "116"]
[EventDate "2014.06.06"]
[EventType "swiss"]
[EventRounds "7"]
[EventCountry "NED"]
[Source "P.Boonen"]
[SourceDate "2014.10.10"]

1. c4 Nf6 2. Nc3 e5 3. Nf3 Nc6 4. e3 d6 5. d4 Bg4 6. d5 Ne7 7. h3 Bxf3 8. Qxf3
Nd7 9. e4 g6 10. h4 h5 11. g3 Bg7 12. Bh3 O-O 13. Bg5 f6 14. Be3 f5 15. O-O-O
a6 16. exf5 Nxf5 17. Bxf5 Rxf5 18. Qe2 Nf8 19. Kb1 Qd7 20. Ne4 Rf7 21. Rhf1 Qf5
22. f3 Nd7 23. Ka1 Raf8 24. Ng5 Rf6 25. Ne4 R6f7 26. Ng5 Rf6 27. Ne6 e4 28. Bf4
exf3 29. Rxf3 Re8 30. Re3 Rc8 31. a3 Nc5 32. Nxg7 Kxg7 33. Re7+ Rf7 34. Rxf7+
Qxf7 35. Rf1 Qe8 36. Qf2 Kg8 37. Bh6 Nd7 38. Qf4 Ne5 39. Bg5 Qf7 40. Qc1 Qd7
41. Bf6 Re8 42. Qh6 Qh7 43. Qxh7+ Kxh7 44. Bxe5 dxe5 45. Kb1 Kg7 46. Kc2 a5 47.
Kd3 b6 48. b3 Re7 49. Ke4 Re8 50. Rf3 Re7 51. b4 axb4 52. axb4 Re8 53. c5 bxc5
54. bxc5 Re7 55. d6 cxd6 56. cxd6 Re8 57. Rf1 Kg8 58. Kd3 e4+ 1-0

[Event "BPB Limburg open A"]
[Site "Maastricht"]
[Date "2014.06.08"]
[Round "5"]
[White "Roos, Adrian"]
[Black "Dijkhuis, Sven"]
[Result "1/2-1/2"]
[WhiteElo "2201"]
[BlackElo "1993"]
[PlyCount "64"]
[EventDate "2014.06.06"]
[EventType "swiss"]
[EventRounds "7"]
[EventCountry "NED"]
[Source "P.Boonen"]
[SourceDate "2014.10.10"]

1. d4 Nf6 2. c4 c5 3. d5 e6 4. Nc3 exd5 5. cxd5 d6 6. g3 g6 7. Bg2 Bg7 8. Nf3
O-O 9. O-O a6 10. a4 Nbd7 11. Bf4 Qe7 12. Re1 Nh5 13. Bg5 Bf6 14. Bh6 Re8 15.
h3 Rb8 16. a5 b5 17. axb6 Rxb6 18. Qc2 Ne5 19. Nd2 Bh8 20. e4 f5 21. Be3 Qf6
22. f4 Rxb2 23. Qxb2 Nd3 24. Qc2 Nxe1 25. Qa4 Rd8 26. e5 dxe5 27. Rxe1 exf4 28.
Bxc5 Qxc3 29. Re8+ Kf7 30. Re7+ Kg8 31. Re8+ Kf7 32. Re7+ Kg8 1/2-1/2

[Event "BPB Limburg open A"]
[Site "Maastricht"]
[Date "2014.06.08"]
[Round "5"]
[White "Schenning, Albert"]
[Black "Snuverink, Michiel"]
[Result "1-0"]
[WhiteElo "2017"]
[BlackElo "2053"]
[PlyCount "43"]
[EventDate "2014.06.06"]
[EventType "swiss"]
[EventRounds "7"]
[EventCountry "NED"]
[Source "P.Boonen"]
[SourceDate "2014.10.10"]

1. e4 e5 2. f4 exf4 3. Bc4 g5 4. d4 Bg7 5. h4 Nc6 6. c3 d6 7. hxg5 Qxg5 8. Qf3
Qg3+ 9. Qxg3 fxg3 10. Ne2 h5 11. O-O Nf6 12. Nxg3 h4 13. Bg5 Na5 14. Bb5+ c6
15. Bd3 hxg3 16. Bxf6 Bxf6 17. Rxf6 Bg4 18. Rf4 Rh4 19. Nd2 O-O-O 20. Nf3 Rdh8
21. Nxh4 Rxh4 22. b4 1-0

[Event "BPB Limburg open A"]
[Site "Maastricht"]
[Date "2014.06.08"]
[Round "5"]
[White "Schiffers, Sascha"]
[Black "Fier, Alexandr"]
[Result "0-1"]
[WhiteElo "2079"]
[BlackElo "2580"]
[PlyCount "86"]
[EventDate "2014.06.06"]
[EventType "swiss"]
[EventRounds "7"]
[EventCountry "NED"]
[Source "P.Boonen"]
[SourceDate "2014.10.10"]

1. e4 c5 2. c3 d5 3. exd5 Qxd5 4. d4 g6 5. Nf3 Bg7 6. Na3 cxd4 7. Nb5 Na6 8.
cxd4 Nf6 9. Be3 Bg4 10. Qa4 O-O 11. Bc4 Qc6 12. Be2 Nd5 13. O-O Nb6 14. Qa5 Nc4
15. Qa4 Nxe3 16. fxe3 Qb6 17. Qa3 Nc7 18. Nxc7 Qxc7 19. Rac1 Qd8 20. Bc4 Bxf3
21. Rxf3 e6 22. Qb3 Qe7 23. Rf2 Rab8 24. Rfc2 e5 25. d5 Qd6 26. e4 Bh6 27. Rf1
Rfc8 28. Bd3 Be3+ 29. Kh1 Bb6 30. Rfc1 Rxc2 31. Qxc2 Kg7 32. Qd2 Rf8 33. a3 Qe7
34. Bb5 Bd4 35. Qb4 Qg5 36. Re1 Rc8 37. Bc4 Qh4 38. g3 Qh3 39. d6 Bf2 40. d7
Bxg3 41. Qd2 Rxc4 42. d8=Q Bxe1 43. Qd1 Qf1# 0-1

[Event "BPB Limburg open A"]
[Site "Maastricht"]
[Date "2014.06.08"]
[Round "5"]
[White "Schoppen, Casper"]
[Black "Van Eetvelde, Ward"]
[Result "0-1"]
[WhiteElo "1906"]
[BlackElo "2123"]
[PlyCount "50"]
[EventDate "2014.06.06"]
[EventType "swiss"]
[EventRounds "7"]
[EventCountry "NED"]
[Source "P.Boonen"]
[SourceDate "2014.10.10"]

1. e4 d6 2. d4 Nf6 3. Nc3 g6 4. h3 Bg7 5. Be3 c6 6. Qd2 Qa5 7. O-O-O b5 8. Bd3
b4 9. Nb1 Na6 10. Bh6 Bxh6 11. Qxh6 Be6 12. b3 Qxa2 13. Ne2 c5 14. d5 Bd7 15.
e5 dxe5 16. Qe3 c4 17. bxc4 e4 18. d6 O-O 19. dxe7 exd3 20. exf8=Q+ Rxf8 21.
Qxd3 Nc5 22. Qf3 b3 23. Nd4 bxc2 24. Nc3 cxd1=Q+ 25. Rxd1 Qxc4 0-1

[Event "BPB Limburg open A"]
[Site "Maastricht"]
[Date "2014.06.08"]
[Round "5"]
[White "Schroer, Marcel"]
[Black "Mollema, Thomas"]
[Result "1/2-1/2"]
[WhiteElo "2144"]
[BlackElo "2059"]
[PlyCount "68"]
[EventDate "2014.06.06"]
[EventType "swiss"]
[EventRounds "7"]
[EventCountry "NED"]
[Source "P.Boonen"]
[SourceDate "2014.10.10"]

1. d4 f5 2. c4 Nf6 3. Nf3 g6 4. g3 Bg7 5. Bg2 O-O 6. O-O d6 7. Nc3 Qe8 8. Re1
Qf7 9. d5 h6 10. Nd4 a5 11. Ne6 Bxe6 12. dxe6 Qxe6 13. Bxb7 Ra7 14. Bg2 Qxc4
15. Nd5 c6 16. Be3 Rb7 17. b3 Qa6 18. Nxf6+ Rxf6 19. Rc1 d5 20. Rc5 Kh7 21. Qd2
Rb5 22. a4 Rxc5 23. Bxc5 e5 24. e3 Bf8 25. Rc1 Nd7 26. Bxf8 Rxf8 27. Bxd5 cxd5
28. Qxd5 Nf6 29. Rc7+ Kh8 30. Qxe5 Qd3 31. Rc8 Rxc8 32. Qxf6+ Kh7 33. Qf7+ Kh8
34. Qf6+ Kh7 1/2-1/2

[Event "BPB Limburg open A"]
[Site "Maastricht"]
[Date "2014.06.08"]
[Round "5"]
[White "Stiefel, Roland"]
[Black "Den Hartog, Marijn"]
[Result "1-0"]
[WhiteElo "2035"]
[BlackElo "2036"]
[PlyCount "105"]
[EventDate "2014.06.06"]
[EventType "swiss"]
[EventRounds "7"]
[EventCountry "NED"]
[Source "P.Boonen"]
[SourceDate "2014.10.10"]

1. d4 Nf6 2. Nf3 g6 3. e3 Bg7 4. Bd3 O-O 5. O-O d6 6. b3 Nbd7 7. Bb2 Re8 8. c3
e5 9. Be2 c6 10. Nbd2 e4 11. Ne1 d5 12. Nc2 Kh8 13. c4 Ng8 14. b4 f5 15. b5
cxb5 16. cxb5 Ndf6 17. Nb3 g5 18. Rc1 Ne7 19. Qd2 Bh6 20. Ba3 f4 21. Qb4 Nf5
22. Qc3 Rg8 23. Rfe1 Nh4 24. Nb4 g4 25. g3 Nf3+ 26. Bxf3 gxf3 27. Qc7 Qe8 28.
Qe5 Qxe5 29. dxe5 Ng4 30. exf4 Bxf4 31. Nxd5 e3 32. Nxf4 exf2+ 33. Kf1 fxe1=Q+
34. Rxe1 Bf5 35. h3 Nh6 36. Kf2 Rgc8 37. Bc5 b6 38. Bd4 Rc2+ 39. Kxf3 Rxa2 40.
g4 Bc2 41. e6+ Kg8 42. Nc1 Ra4 43. Bf6 Kf8 44. Re3 Rc8 45. Nce2 Ng8 46. Nd5 Bd1
47. Be5 Rac4 48. Bd6+ Ke8 49. Kg3 Bxe2 50. Rxe2 Rd4 51. Rf2 Rd3+ 52. Kh4 Ne7
53. Nf6+ 1-0

[Event "BPB Limburg open A"]
[Site "Maastricht"]
[Date "2014.06.08"]
[Round "5"]
[White "Timmermans, Ivo"]
[Black "Harff, Marcel"]
[Result "0-1"]
[WhiteElo "2207"]
[BlackElo "2288"]
[PlyCount "86"]
[EventDate "2014.06.06"]
[EventType "swiss"]
[EventRounds "7"]
[EventCountry "NED"]
[Source "P.Boonen"]
[SourceDate "2014.10.10"]

1. d4 e6 2. c4 d5 3. Nc3 Nf6 4. cxd5 exd5 5. Bg5 Be7 6. e3 O-O 7. Qc2 c6 8. Bd3
Nbd7 9. Nge2 Re8 10. O-O Nf8 11. Rab1 a5 12. a3 Bd6 13. Bf4 Ng6 14. Bxd6 Qxd6
15. h3 Be6 16. b4 axb4 17. axb4 Qd7 18. Kh2 Nh4 19. Ng1 Bf5 20. Bxf5 Nxf5 21.
Nf3 Nd6 22. Kg1 Nc4 23. Ra1 b5 24. Rxa8 Rxa8 25. Ne5 Qd6 26. Nd3 g5 27. Nc5 Kg7
28. Ne2 Ng8 29. Ng3 Qg6 30. Nf5+ Kh8 31. e4 Re8 32. f3 Ne7 33. g4 Nxf5 34. gxf5
Qh5 35. Qh2 Ne3 36. Rf2 dxe4 37. Nxe4 Nxf5 38. Qc7 Qg6 39. Qd7 Qe6 40. Qxe6
Rxe6 41. Nxg5 Rg6 42. Rg2 Kg7 43. Rg4 h5 0-1

[Event "BPB Limburg open A"]
[Site "Maastricht"]
[Date "2014.06.08"]
[Round "5"]
[White "Tugui, Adrian"]
[Black "Snuverink, Jochem"]
[Result "1/2-1/2"]
[WhiteElo "2397"]
[BlackElo "2357"]
[PlyCount "102"]
[EventDate "2014.06.06"]
[EventType "swiss"]
[EventRounds "7"]
[EventCountry "NED"]
[Source "P.Boonen"]
[SourceDate "2014.10.10"]

1. d4 Nf6 2. c4 e6 3. g3 c5 4. Nf3 cxd4 5. Nxd4 Bb4+ 6. Bd2 Bc5 7. Nb3 Be7 8.
Bg2 Nc6 9. Nc3 O-O 10. O-O b6 11. Bf4 a6 12. Nd5 exd5 13. cxd5 Bb7 14. d6 Re8
15. dxe7 Qxe7 16. e3 d5 17. Rc1 Rac8 18. Bh3 Rcd8 19. Nd4 Ne5 20. Qc2 Ne4 21.
Bxe5 Qxe5 22. Qc7 Nd6 23. Qxb6 Rb8 24. Qc7 Bc8 25. Bg2 Rb7 26. Qc6 Rxb2 27.
Qxd5 Qf6 28. Qa5 h5 29. Qa3 Rb6 30. Qc5 Rb2 31. Qa3 Rb6 32. Rc6 Rxc6 33. Bxc6
Rd8 34. Bg2 h4 35. Rc1 h3 36. Bh1 Nb5 37. Qc5 Nxd4 38. exd4 Bg4 39. Qe5 Rxd4
40. Qxf6 gxf6 41. Bc6 Be6 42. a3 Rd3 43. a4 Ra3 44. Kf1 Bb3 45. Ke2 Bxa4 46.
Bxa4 Rxa4 47. Rc5 Re4+ 48. Kf3 Re5 49. Rc6 Re6 50. Rc5 Re5 51. Rc6 Re6 1/2-1/2

[Event "BPB Limburg open A"]
[Site "Maastricht"]
[Date "2014.06.08"]
[Round "5"]
[White "Van Liempt, Michael"]
[Black "Gerlagh, Joris"]
[Result "1/2-1/2"]
[WhiteElo "2008"]
[BlackElo "2103"]
[PlyCount "36"]
[EventDate "2014.06.06"]
[EventType "swiss"]
[EventRounds "7"]
[EventCountry "NED"]
[Source "P.Boonen"]
[SourceDate "2014.10.10"]

1. e4 e6 2. d3 d5 3. Nd2 c5 4. Ngf3 Nc6 5. g3 Nf6 6. Bg2 Be7 7. O-O b6 8. c3
Qc7 9. Re1 Bb7 10. a4 a5 11. Nf1 d4 12. c4 h6 13. Bf4 e5 14. Bd2 g5 15. h3 Bc8
16. N3h2 Be6 17. g4 h5 18. f3 O-O-O 1/2-1/2

[Event "BPB Limburg open A"]
[Site "Maastricht"]
[Date "2014.06.08"]
[Round "5"]
[White "Van der Auweraert, Elwin"]
[Black "De Wit, Albert"]
[Result "1/2-1/2"]
[WhiteElo "2212"]
[BlackElo "1999"]
[PlyCount "98"]
[EventDate "2014.06.06"]
[EventType "swiss"]
[EventRounds "7"]
[EventCountry "NED"]
[Source "P.Boonen"]
[SourceDate "2014.10.10"]

1. e4 g6 2. d4 c6 3. Nc3 d5 4. e5 Bg7 5. Bg5 f6 6. exf6 Nxf6 7. Qd2 O-O 8.
O-O-O b5 9. f3 Nbd7 10. Nge2 Nb6 11. Ng3 Qd6 12. Kb1 b4 13. Nce2 Nc4 14. Qc1 e5
15. dxe5 Qxe5 16. Nd4 Bd7 17. Bxc4 dxc4 18. Rhe1 Qa5 19. Re7 Rad8 20. Bh6 Rf7
21. Rde1 Nd5 22. Rxf7 Kxf7 23. Bxg7 Kxg7 24. Ne4 h6 25. h4 Qb6 26. Ne2 Rf8 27.
h5 gxh5 28. Rh1 Be8 29. Qe1 Bg6 30. Qg3 Qb8 31. Qh4 b3 32. Nd4 bxc2+ 33. Kxc2
Qe5 34. Nxc6 Ne3+ 35. Kc1 Qf4 36. Qe7+ Rf7 37. Qe5+ Qxe5 38. Nxe5 Rc7 39. Nxg6
Kxg6 40. Re1 Nd5 41. Rd1 Nb4 42. Rd6+ Kg7 43. Nf6 Rc5 44. Ne4 Nxa2+ 45. Kd2 Rb5
46. Kc2 a5 47. Rd7+ Kg6 48. Rd6+ Kg7 49. Rd7+ Kg6 1/2-1/2

[Event "BPB Limburg open A"]
[Site "Maastricht"]
[Date "2014.06.08"]
[Round "5"]
[White "Veltman, Anne"]
[Black "Van Helvoort, Rob"]
[Result "1-0"]
[WhiteElo "2017"]
[BlackElo "2140"]
[PlyCount "121"]
[EventDate "2014.06.06"]
[EventType "swiss"]
[EventRounds "7"]
[EventCountry "NED"]
[Source "P.Boonen"]
[SourceDate "2014.10.10"]

1. e4 g6 2. f4 Bg7 3. Nf3 d5 4. e5 c5 5. c3 Nh6 6. d4 cxd4 7. cxd4 O-O 8. Be3
Bg4 9. Bd3 Nc6 10. Nc3 Qd7 11. h3 Nf5 12. Bxf5 Bxf5 13. g4 Be4 14. O-O f5 15.
Ng5 e6 16. Nb5 Nxe5 17. fxe5 Qxb5 18. Nxe6 Qxb2 19. Rf2 Qc3 20. Qe1 Qxe1+ 21.
Rxe1 Rfc8 22. Kh2 Rc6 23. gxf5 Bxf5 24. Nf4 Be4 25. Rb2 b6 26. Ree2 Rf8 27. h4
Rf5 28. Rb3 Bh6 29. Nh3 Bf3 30. Rd2 Bxe3 31. Rxe3 h6 32. Kg3 Be4 33. Nf2 g5 34.
Nxe4 dxe4 35. Rxe4 Kf7 36. d5 Rc3+ 37. Kg4 Rff3 38. e6+ Kg6 39. h5+ Kf6 40. Rg2
Rfe3 41. Rf2+ Ke7 42. Rf7+ Ke8 43. Rxe3 Rxe3 44. Rxa7 Re5 45. Rh7 Rxd5 46. Rxh6
Rd2 47. Rg6 Rxa2 48. Kxg5 Ke7 49. Kh6 Rh2 50. Rg5 Kxe6 51. Kg7 Kd6 52. h6 Kc6
53. h7 b5 54. h8=Q Rxh8 55. Kxh8 Kb6 56. Kg7 Ka5 57. Kf6 Ka4 58. Ke5 Kb3 59.
Kd4 b4 60. Rg3+ Ka2 61. Kc4 1-0

[Event "BPB Limburg open A"]
[Site "Maastricht"]
[Date "2014.06.08"]
[Round "5"]
[White "Vereggen, Lars"]
[Black "Maisuradze, Nino"]
[Result "1-0"]
[WhiteElo "2127"]
[BlackElo "2255"]
[PlyCount "87"]
[EventDate "2014.06.06"]
[EventType "swiss"]
[EventRounds "7"]
[EventCountry "NED"]
[Source "P.Boonen"]
[SourceDate "2014.10.10"]

1. d4 Nf6 2. c4 c5 3. Nf3 e6 4. g3 cxd4 5. Nxd4 a6 6. Bg2 Qc7 7. b3 Bb4+ 8. Bd2
Bxd2+ 9. Qxd2 O-O 10. O-O d6 11. Nc3 Nbd7 12. Rfd1 Rd8 13. Rac1 Rb8 14. Qe3 Nf8
15. h3 Bd7 16. Qd2 Bc6 17. Nd5 Qd7 18. Nxf6+ gxf6 19. e4 Kg7 20. h4 Qc7 21. h5
Rbc8 22. Qf4 Qe7 23. Qg4+ Kh8 24. Rd2 Nd7 25. Rcd1 Nc5 26. Qh4 Bd7 27. Nc2 Bc6
28. Ne3 Rc7 29. b4 Na4 30. c5 d5 31. exd5 exd5 32. Nxd5 Bxd5 33. Rxd5 Rxd5 34.
Rxd5 Nc3 35. Rd6 Nxa2 36. Qd4 Qe1+ 37. Kh2 Qe5 38. h6 Qh5+ 39. Bh3 Qxh6 40.
Rd8+ Kg7 41. Qd6 Rc6 42. Qb8 f5 43. Rg8+ Kf6 44. f4 1-0

[Event "BPB Limburg open A"]
[Site "Maastricht"]
[Date "2014.06.08"]
[Round "5"]
[White "Villwock, Martin"]
[Black "Coenen, Michael"]
[Result "1-0"]
[WhiteElo "2151"]
[BlackElo "2318"]
[PlyCount "61"]
[EventDate "2014.06.06"]
[EventType "swiss"]
[EventRounds "7"]
[EventCountry "NED"]
[Source "P.Boonen"]
[SourceDate "2014.10.10"]

1. b3 e6 2. Bb2 Nf6 3. e3 Be7 4. Nf3 O-O 5. d4 b6 6. Bd3 Bb7 7. O-O c5 8. c4
cxd4 9. exd4 d6 10. Nbd2 Nbd7 11. Qe2 Rc8 12. Rfe1 Re8 13. Rad1 Qc7 14. Bb1 Qb8
15. Ng5 Nf8 16. Nde4 d5 17. cxd5 Nxe4 18. Nxe4 exd5 19. Nc3 Bd6 20. Qh5 Rxe1+
21. Rxe1 Bb4 22. Re3 Rc6 23. Nxd5 Rh6 24. Qxh6 gxh6 25. Nf6+ Kh8 26. d5 Ba3 27.
Bxa3 Ne6 28. dxe6 Qd8 29. Nd7 fxe6 30. Bb2+ Kg8 31. Rg3+ 1-0

[Event "BPB Limburg open A"]
[Site "Maastricht"]
[Date "2014.06.08"]
[Round "5"]
[White "Von Meijenfeldt, Bart"]
[Black "Skutta, Bernd"]
[Result "1-0"]
[WhiteElo "2322"]
[BlackElo "2037"]
[PlyCount "80"]
[EventDate "2014.06.06"]
[EventType "swiss"]
[EventRounds "7"]
[EventCountry "NED"]
[Source "P.Boonen"]
[SourceDate "2014.10.10"]

1. b3 e5 2. Bb2 Nc6 3. e3 d5 4. Bb5 Bd6 5. Nf3 f6 6. c4 Nge7 7. d4 exd4 8. Nxd4
dxc4 9. Bxc4 Nxd4 10. exd4 Bf5 11. Qf3 c6 12. O-O b5 13. Be2 O-O 14. Nc3 Qd7
15. a4 b4 16. Ne4 Bxe4 17. Qxe4 Nd5 18. Bf3 Rfe8 19. Qd3 Rad8 20. g3 Bf8 21.
Rac1 Rc8 22. Rc2 Red8 23. Rfc1 Kh8 24. Qa6 Nc3 25. Bxc3 bxc3 26. Rxc3 Qxd4 27.
Rxc6 Rxc6 28. Qxc6 Qb6 29. Qc2 g6 30. h4 Bb4 31. Qe4 Bc5 32. Rc2 a5 33. Bg2 Kg7
34. h5 Qd6 35. Qb7+ Rd7 36. Qb5 Bb4 37. Rc8 Qd3 38. Qc6 Qd6 39. Qc4 Qd4 40. Qe6
Re7 1-0